000 01661nam a22002537a 4500
003 Uzh_bibl
008 260507b |||||||| |||| 00| 0 ukr d
020 _a978-617-12-5629-3
_c90.00
040 _bукр.
041 _2ukr
_aukr
080 _a821(477)
090 _a821(477)
_bШ 66
100 _aШкляр,Василь
245 _aТінь сови
_bТам,де живе душа
_cпередм.А.Куркова.
_hТекст
260 _aХарків
_bКнижковий Клуб "Клуб Сімейного Дозвілля"
_c2019
300 _a304 с.
_fВ опр.
520 _aРоман «Тінь сови» — найгуманніший з усіх написаних Шкляром. Кохання та журба, на жаль, часто ходять поруч... Життя Катерини і Степана сповнене любові та світлої поезії. І коли приходить біда — як тінь сови, що вони побачили перед весіллям, — заради спокою дружини Степан ладен пожертвувати всім. Смерть сильніша за кохання? Мабуть, навпаки... Непідвладна часу історія кохання, що надихає та дає надію. Кохання, яке перетворюється на легенду...
521 _aДля широкого кола читачів
546 _aукр.
650 _aЛітературно-художнє видання
653 _aКохання
_aТруднощі
655 _aПроза
_vРоман
942 _2udc
_cBK
999 _c17664
_d17664